| 000 | 00737nam a2200205 i 4500 | ||
|---|---|---|---|
| 001 | bg | ||
| 100 | 1 | _aGALINA, Henryk | |
| 245 | 0 |
_aKlasyczna teoria polimeryzacji z sieciowaniem / _cHenryk Galina. |
|
| 260 |
_aWrocław : _bWydaw. PW, _c1984. |
||
| 300 |
_a48 s. : _brys ; _c24 cm. |
||
| 490 | 1 |
_aPrace Naukowe Instytutu Technologii Organicznej i Tworzyw Sztusznych Politechniki Wrocławskiej. Monografie ; _v8 |
|
| 500 | _aNumeracja ser. gł. : 37. | ||
| 504 | _aBibliogr. s. 43-47. | ||
| 830 | 0 |
_aPrace Naukowe Instytutu Technologii Organicznej i Tworzyw Sztusznych Politechniki Wrocławskiej. _pMonografie ; _v8 |
|
| 040 | _cBPK | ||
| 041 | _apol | ||
| 080 | _a678.7 | ||
| 942 | _cKS | ||
| 008 | s pl f |000 0 pol | ||
| 999 |
_c23268 _d23268 |
||
| 856 |
_uhttp://koha.tu.koszalin.pl/cgi-bin/koha/opac-detail.pl?biblionumber=23268 _yKatalog online BPK |
||